000 00426nam a2200181 a 4500
001 1761486480528
003 ACL
005 20251026192010.0
008 251026s2008##################000#0#eng##
020 _a9780230637153
082 0 4 _a658.8702
_bSAH
245 1 0 _aRedefining Business Horizons :
260 _c2008.
300 _a644 pages
650 0 _aBusiness logistics.
942 _cENGLISH
040 _aACL
_beng
_cACL
999 _c594033
_d594033